000 00562nam a2200193Ia 4500
003 GCL
008 140319s9999 xx 000 0 ara d
040 _aGCL /
_cGCL
082 0 4 _a791.5
_bع خ
100 1 _aعبدالحميد يونس
245 1 0 _aخيال الظل /
_cعبدالحميد يونس
300 _a104 ص
490 _aمكتبة الدراسات الشعبية
_v0
650 0 4 _aالفنون المسرحية
650 0 4 _aالمسرح العربى
650 0 4 _aمسرح العرائس
650 0 4 _aخيال الظل
942 _2ddc
_cBK
999 _c50762
_d50762